Southville International School and Colleges
Your cart is empty.
  • Cart
  • Lists
    Public lists Eva Luna New books Lux_list list_1
    Your lists Log in to create your own lists
  • Log in to your account
  • Your cookies
  • Search history
Southville International School and Colleges
  • Advanced search
  • Recent comments
  • Most popular
  • Libraries

Log in to your account

Log in with GOOGLE


If you do not have an external account, but do have a local account, you can still log in:

  1. Home
  2. MARC view: Essentials of managerial finance/.
Normal view MARC view ISBD view

Essentials of managerial finance/. (Record no. 21719)

[ view plain ]
MARC details
000 -LEADER
fixed length control field 00625nam a2200217 a 4500
005 - DATE AND TIME OF LATEST TRANSACTION
control field 20140310183337.0
008 - FIXED-LENGTH DATA ELEMENTS--GENERAL INFORMATION
fixed length control field 061024s19uu xx 00 eng d
020 ## - INTERNATIONAL STANDARD BOOK NUMBER
International Standard Book Number 0030970857
050 ## - LIBRARY OF CONGRESS CALL NUMBER
Classification number HG 4011
Item number .W42 1993
100 ## - MAIN ENTRY--PERSONAL NAME
Personal name Weston, Fred J.
245 ## - TITLE STATEMENT
Title Essentials of managerial finance/.
Statement of responsibility, etc J. Fred Weston
250 ## - EDITION STATEMENT
Edition statement 10th ed.
260 ## - PUBLICATION, DISTRIBUTION, ETC. (IMPRINT)
Place of publication, distribution, etc Forth Worth, U.S.A :
Name of publisher, distributor, etc The Dryden Press,
Date of publication, distribution, etc 1993.
300 ## - PHYSICAL DESCRIPTION
Extent 992 p. :
Other physical details ill. col. ;
Dimensions 25 cm.
440 ## - SERIES STATEMENT/ADDED ENTRY--TITLE
Title The Dryden Series in Finance.
521 ## - TARGET AUDIENCE NOTE
Target audience note
650 ## - SUBJECT ADDED ENTRY--TOPICAL TERM
Topical term or geographic name as entry element Corporations
General subdivision Finance.
700 ## - ADDED ENTRY--PERSONAL NAME
Personal name Brigham, Eugene F.
942 ## - ADDED ENTRY ELEMENTS (KOHA)
Koha item type Books
Source of classification or shelving scheme Library of Congress Classification
Call number prefix Foreign
Holdings
Withdrawn status Lost status Source of classification or shelving scheme Damaged status Home library Current library Shelving location Date acquired Source of acquisition Cost, normal purchase price Total Checkouts Total Renewals Full call number Barcode Date last seen Date checked out Copy number Price effective from Koha item type
    Library of Congress Classification   College Library College Library General Circulation Section 09/15/2009   30.00 1 21 HG 4011 .W42 1993 C7782 10/09/2018 05/17/2018 1 10/10/2013 Books

Essentials of managerial finance/.

APA

Weston F. J., Brigham E. F., . (1993). Essentials of managerial finance. Forth Worth, U.S.A: The Dryden Press.

Chicago

Weston Fred J, Brigham Eugene F, . 1993. Essentials of managerial finance. Forth Worth, U.S.A: The Dryden Press.

Harvard

Weston F. J., Brigham E. F., . (1993). Essentials of managerial finance. Forth Worth, U.S.A: The Dryden Press.

MLA

Weston Fred J, Brigham Eugene F, . Essentials of managerial finance. Forth Worth, U.S.A: The Dryden Press. 1993.

  • Place hold
  • Print
  • Cite
  • Add to your cart (remove)
  • Save record
    BIBTEX Dublin Core MARCXML MARC (non-Unicode/MARC-8) MARC (Unicode/UTF-8) MARC (Unicode/UTF-8, Standard) MODS (XML) RIS
  • More searches
    Search for this title in:
    Other Libraries (WorldCat) Other Databases (Google Scholar) Online Stores (Bookfinder.com) Open Library (openlibrary.org)

Exporting to Dublin Core...

SOUTHVILLE LIBRARY

Southville International School and Colleges Library

1281 Tropical Ave. Cor. Luxembourg St., BF Homes International, Las Pinas City

Tel. No. 8256374 / 252358 Loc. 117/146

Powered by Koha